000 00371nam a2200133Ia 4500
008 210210b1990 xxu||||| |||| 00| 0 eng d
082 _a302.23 MAHC
100 _aMAHAJAN (Kamlesh), Ed.
245 _aCommunication and society: the emerging human concerns.
260 _aND
_bClassical Publishing Co.
_c1990
300 _axvi,304
690 _aJournalism
906 _a051541
999 _c99617
_d99617